[Event "GER-ch Net blitz qual1"]
[Site "Playchess.com INT"]
[Date "2020.03.07"]
[Round "2"]
[White "Kopylov, Michael"]
[Black "Bertz, Marcus"]
[Result "1-0"]
[WhiteElo "2407"]
[BlackElo "1780"]
[PlyCount "85"]
[EventDate "2020.03.07"]
[EventType "swiss (blitz)"]
[EventRounds "9"]
[EventCountry "GER"]
[SourceTitle "CBM 195 Extra"]
[Source "ChessBase"]
[SourceDate "2020.05.31"]
[SourceVersion "1"]
[SourceVersionDate "2020.05.31"]
[SourceQuality "1"]

1. d4 d6 2. g3 Nf6 3. Bg2 Nbd7 4. Nf3 e5 5. 0-0 Be7 6. c4 0-0 7. Nc3 c6 8. e4 exd4 9. Nxd4 Ne5 10. b3 Re8 11. h3 Qc7 12. Be3 a5 13. Qc2 Bf8 14. Rad1 g6 15. Rfe1 Ned7 16. f4 Nc5 17. Bf2 Bd7 18. Kh2 Rad8 19. a3 Qc8 20. b4 axb4 21. axb4 Ne6 22. Na4 b5 23. Nb6 Qb7 24. cxb5 c5 25. Nxd7 Qxd7 26. Nc6 Rc8 27. bxc5 Qb7 28. cxd6 Qxb5 29. e5 Nd7 30. Qe2 Qa4 31. Ra1 Qb3 32. Reb1 Qc3 33. Ra7 Rxc6 34. Rxd7 Rcc8 35. Rbb7 Nd8 36. Rdc7 Nxb7 37. Rxc3 Rxc3 38. Bxb7 Rb8 39. Bd5 Re8 40. d7 Rd8 41. e6 Be7 42. exf7+ Kf8 43. Qe5 1-0

[Event "GER-chT U12"]
[Site "Verden"]
[Date "2000.12.30"]
[Round "2.4"]
[White "Bertz, Marcus"]
[Black "Glaesser, Tim"]
[Result "1/2-1/2"]
[WhiteElo "720"]
[BlackElo "462"]
[PlyCount "69"]
[EventDate "2000.12.26"]
[EventType "team-tourn"]
[EventRounds "7"]
[EventCountry "GER"]
[SourceTitle "EXT 2008"]
[Source "ChessBase"]
[SourceDate "2007.11.25"]
[SourceVersion "1"]
[SourceVersionDate "2007.11.25"]
[SourceQuality "1"]
[WhiteTeam "Sachsen Anhalt U12"]
[BlackTeam "Rossdorf U12"]
[WhiteTeamCountry "GER"]
[BlackTeamCountry "GER"]

1. c4 e5 2. Nc3 Nf6 3. g3 Bb4 4. Bg2 0-0 5. e3 Nc6 6. Nge2 d6 7. 0-0 Bg4 8. a3 Bxc3 9. bxc3 h6 10. d4 e4 11. Rb1 Na5 12. Qa4 b6 13. h3 Bd7 14. Qb4 Be6 15. d5 Bc8 16. Nd4 Ba6 17. Nb5 Qd7 18. a4 c6 19. dxc6 Qxc6 20. Nxd6 Bxc4 21. Nxc4 Nxc4 22. Rd1 Na5 23. Rd4 Rfe8 24. Bf1 Qb7 25. Ba3 Nc6 26. Qb3 Nxd4 27. cxd4 Rac8 28. Rd1 Re6 29. d5 Re5 30. d6 Rd8 31. Qc2 Rde8 32. Qd2 R5e6 33. Bc4 Re5 34. Qd4 Ra5 35. Rd2 1/2-1/2